• 首页
  • 本馆介绍
  • 公告通知
  • 最新文献
  • 馆藏检索
  • 电子资源
  • 读者导购
  • 参考咨询
  • 我的图书馆
  • 登录
  • 详细信息显示
  • 放入我的书架
  • 预约/预借图书
  • 作者相关作品
  • 分类相关作品
  • 丛书相关作品
  • 出版社相关作品

书目信息

  • 表格格式
  • 工作单格式
  • 卡片格式
题名:
德国外交文化战略研究
    
 
作者: 徐亮 , 王卓 著
分册:  
出版信息: 北京   人民日报出版社  2019.09
页数: 179页
开本: 21cm
丛书名:
单 册:
中图分类: D851.60
科图分类:
主题词: 外交战略--wai jiao zhan lue--研究--德国
电子资源:
ISBN: 978-7-5115-5947-0
000 01069nam0 2200265 450
001 CAL 0120192867561
005 20230217093111.0
010    @a978-7-5115-5947-0@dCNY49.00
100    @a20190930d2019 em y0chiy0120 ea
101 0  @achi
102    @aCN@b110000
105    @ay a 000yy
106    @ar
200 1  @a德国外交文化战略研究@Ade guo wai jiao wen hua zhan lue yan jiu@f徐亮, 王卓著
210    @a北京@c人民日报出版社@d2019.09
215    @a179页@d21cm
314    @a徐亮, 北京第二外国语学院政党外交学院副教授。王卓, 北京外国语学院主治医师。
320    @a有书目
330    @a本书受北京第二外国语学院2016年度研究生院政治学学科建设经费资助和2016年度国家社科基金一般项目 (批准号16BMZ032) 后期支持。全书从文化外交的相关理论阐述德国文化外交的战略, 重点叙述了德国文化外交战略的基本目标、主要政策、主要手段、核心重点、非核心部分、障碍和趋势。
606 0  @a外交战略@Awai jiao zhan lue@x研究@y德国
690    @aD851.60@v5
701  0 @a徐亮@Axu liang@4著
701  0 @a王卓@Awang zhuo@4著
801  0 @aCN@bBJXHZP@c20230228
905    @b1399504-7@dD851.60@e281@f4
    
    德国外交文化战略研究/徐亮, 王卓著.-北京:人民日报出版社,2019.09
    179页;21cm
    
    
    ISBN 978-7-5115-5947-0:CNY49.00
    本书受北京第二外国语学院2016年度研究生院政治学学科建设经费资助和2016年度国家社科基金一般项目 (批准号16BMZ032) 后期支持。全书从文化外交的相关理论阐述德国文化外交的战略, 重点叙述了德国文化外交战略的基本目标、主要政策、主要手段、核心重点、非核心部分、障碍和趋势。
●
相关链接 在E读中查询图书 在五车中查询图书 在当当中查询图书 在豆瓣中查询图书


正题名:德国外交文化战略研究     索取号:D851.60/281         预约/预借

序号 登录号 条形码 馆藏地/架位号 状态 备注
1 1399504   213995042   第一样本阅览室/ [索取号:D851.60/281] 在馆    
2 1399505   213995051   第一借阅区/ [索取号:D851.60/281] 在馆    
3 1399506   213995060   第一借阅区/ [索取号:D851.60/281] 在馆    
4 1399507   213995079   第一借阅区/ [索取号:D851.60/281] 在馆    
唐山师范学院图书馆 欢迎您!
大连网信软件有限公司© 版权所有